Geology of the southern Alberta plains, (Record no. 27716)

MARC details
000 -LEADER
fixed length control field 01171cam a22002891 4500
001 - CONTROL NUMBER
control field gs 41000068
003 - CONTROL NUMBER IDENTIFIER
control field DLC
005 - DATE AND TIME OF LATEST TRANSACTION
control field 20260227111346.0
008 - FIXED-LENGTH DATA ELEMENTS--GENERAL INFORMATION
fixed length control field 761111s1940 oncabf b 000 0 eng c
010 ## - LIBRARY OF CONGRESS CONTROL NUMBER
LC control number gs 41000068
035 ## - SYSTEM CONTROL NUMBER
System control number (OCoLC)2553480
040 ## - CATALOGING SOURCE
Original cataloging agency U.S.Geol.survey. Library
Transcribing agency OGraD
Modifying agency NSbSU
-- DLC
050 00 - LIBRARY OF CONGRESS CALL NUMBER
Classification number QE185
Item number .A2 no. 221
051 ## - LIBRARY OF CONGRESS COPY, ISSUE, OFFPRINT STATEMENT
Classification number QE186
Item number .R77
082 ## - DEWEY DECIMAL CLASSIFICATION NUMBER
Classification number 557.1
100 1# - MAIN ENTRY--PERSONAL NAME
Personal name Russell, Loris S.
Fuller form of name (Loris Shano),
Dates associated with a name 1904-1998.
245 10 - TITLE STATEMENT
Title Geology of the southern Alberta plains,
Statement of responsibility, etc. by L. S. Russell and R. W. Landes.
260 ## - PUBLICATION, DISTRIBUTION, ETC.
Place of publication, distribution, etc. Ottawa,
Name of publisher, distributor, etc. J. O. Patenaude, I.S.O., printer to the King,
Date of publication, distribution, etc. 1940.
300 ## - PHYSICAL DESCRIPTION
Extent iv, 223 p.
Other physical details illus., VIII pl., maps (3 fold. in pocket) tables (1 fold.)
Dimensions 25 cm.
490 1# - SERIES STATEMENT
Series statement Canada. Geological Survey. Memoir 221
500 ## - GENERAL NOTE
General note At head of title: Canada Department of mines and resources. Mines and geology branch. Bureau of geology and topography. Geological survey.
500 ## - GENERAL NOTE
General note In lower right corner of t.-p.: No. 2453.
504 ## - BIBLIOGRAPHY, ETC. NOTE
Bibliography, etc. note Includes references.
650 #0 - SUBJECT ADDED ENTRY--TOPICAL TERM
Topical term or geographic name entry element Geology
Geographic subdivision Alberta.
700 1# - ADDED ENTRY--PERSONAL NAME
Personal name Landes, Robert William,
Dates associated with a name 1910-
Relator term joint author.
830 #0 - SERIES ADDED ENTRY--UNIFORM TITLE
Uniform title Memoir (Geological Survey of Canada) ;
Volume/sequential designation 221

No items available.

Powered by Koha